[Event "IECG TG.2004.0.15319 email"]
[Site "IECG email"]
[Date "2004.12.19"]
[Round "1"]
[White "Pintonello, Gilberto"]
[Black "Fatih, Mengel"]
[Result "1-0"]
[WhiteElo "800"]
[BlackElo "800"]
[PlyCount "69"]
[EventDate "2004.12.19"]
[EventType "match (corr)"]
[EventRounds "2"]
[SourceTitle "Corr 2008"]
[Source "ChessBase"]
[SourceDate "2008.06.24"]
[SourceVersion "1"]
[SourceVersionDate "2008.06.24"]
[SourceQuality "1"]

1. d4 Nf6 2. c4 e6 3. Nf3 b6 4. g3 Bb7 5. Bg2 Be7 6. Nc3 0-0 7. Qc2 c5 8. d5 b5 9. dxe6 bxc4 10. exf7+ Rxf7 11. 0-0 Rf8 12. Bg5 Na6 13. Bxf6 Bxf6 14. Ng5 Bxg5 15. Bxb7 Nb4 16. Qa4 Rb8 17. Bg2 Bf6 18. Rad1 Bd4 19. a3 Qf6 20. axb4 Rxb4 21. Qxd7 Rxb2 22. Ne4 Qe5 23. e3 Bxe3 24. fxe3 Rxg2+ 25. Kh1 Rxf1+ 26. Rxf1 h6 27. Qf7+ Kh8 28. Qg6 Qb8 29. Kxg2 Qb2+ 30. Kh3 Qb8 31. Rf7 Qc8+ 32. g4 Qg8 33. Nf6 c3 34. Rf8 Qxf8 35. Qh7# 1-0